Statistiques concernant 70 jeux de sociétés cultes

Cliquez ici pour prendre le quiz!

Statistiques générales

  • Ce quiz a été pris 234 fois
    (177 depuis la dernière actualisation)
  • Le résultat moyen est 16 sur 70

Statistiques - réponses

NuméroRéponse% Correct
1Monopoly
90%
63Jeu De Dame
76%
2UNO
74%
4Les Échecs
70%
12La Bonne Paye
63%
22La Bataille
61%
9Cluedo
60%
6Scrabble
50%
16Poker
49%
13La Belote
46%
36Jeu Des Petits Chevaux
45%
30Jeu De L'oie
43%
5Mille-Bornes
39%
28Jeu de 7 Familles
38%
3Le Tarot
38%
10Puissance 4
38%
21Qui Est Ce?
35%
7RISK
35%
32Trivial Pursuit
33%
15Bataille Navale
32%
8Les Dominos
29%
11Docteur Maboul
27%
38Le Rami
26%
26Dobble
24%
40Le Kems
24%
67Mikado
24%
61Jungle Speed
23%
17Pictionnary
23%
18Le Labyrinthe
21%
64Nain Jaune
21%
34Time's Up
21%
54YAMS
21%
35Rummikub
18%
29Go
17%
19Mastermind
17%
59BlackJack
16%
20Destin
15%
33Twister
15%
31Blanc Manger Coco
13%
23Jenga
13%
48Les Aventuriers Du Rail
13%
41Triominos
13%
657 Wonders
11%
52Backgammon
11%
46Code Names
10%
14Loups-Garous
9%
42Carcassonne
8%
45Le Cochon Qui Rit
8%
56Limite Limite
8%
24Mahjong
8%
57Serpents Et Échelles
7%
25Taboo
7%
44Tic Tac Boum
7%
60Yahtzee
7%
55421
6%
43Othello
6%
58Abalone
5%
50Pic Pirate
5%
27Cranium
4%
47La Manille
4%
53Les Osselets
4%
49Patience / Réussite
4%
66Saboteur
4%
51Donjons et Dragons
3%
68Post-It / Qui Suis-Je?
3%
70Shōgi
3%
69Awalé
1%
62Munchkin
1%
39Villainous
1%
37Hippos Gloutons
0%

Distribution des résultats

Percentile par nombre de réponses

% des personnes avec chaque résultat

Votre développement - résultats

Vous n’avez pas pris ce quiz depuis la dernière actualisation